[Event "Corus"]
[Site "Wijk aan Zee"]
[Date "2006.01.24"]
[Round "9"]
[White "Karjakin, Sergey"]
[Black "Topalov, Veselin"]
[Result "0-1"]
[WhiteElo "2660"]
[BlackElo "2801"]
[Annotator "Rogozenco,D"]
[PlyCount "100"]
[EventDate "2006.01.14"]
[EventType "tourn"]
[EventRounds "13"]
[EventCountry "NED"]
[EventCategory "19"]
[SourceTitle "CBM 111"]
[Source "ChessBase"]
[SourceDate "2006.04.04"]
[SourceVersion "1"]
[SourceVersionDate "2006.04.04"]
[SourceQuality "1"]

{[%mdl 1]} 1. e4 c5 2. Nf3 Nc6 3. d4 cxd4 4. Nxd4 Nf6 5. Nc3 e5 6. Ndb5 d6 7.
Bg5 a6 8. Na3 b5 9. Nd5 Be7 10. Bxf6 Bxf6 11. c3 Bg5 12. Nc2 O-O 13. a4 bxa4
14. Rxa4 a5 15. Bc4 Rb8 16. Ra2 (16. b3 Kh8 17. Nce3 g6 ({Here after} 17...
Bxe3 18. Nxe3 Ne7 19. O-O f5 (19... Bb7 20. Qc2 $5 $14) 20. exf5 Nxf5 21. Nxf5
Bxf5 22. Qd5 {White keeps an edge}) 18. h4 Bxh4 19. g3 $13) 16... Kh8 17. Nce3
Bxe3 {The simplest way to equalize.} (17... g6 18. h4 Bxh4 19. g3 {leads to a
much more complicated play. It is important for White here that he can play
b2-b4 (in opposite to a similar position after 16.b3, see above).}) 18. Nxe3
Ne7 19. b3 $5 $146 {Interesting novelty, which, however, can hardly change
much. White's edge is insignificant.} (19. O-O f5 20. exf5 Nxf5 21. Nd5 (21.
Nxf5 Bxf5 $11) (21. Bd5 Qc7 22. Nxf5 Bxf5 23. Qd2 Rb5 24. Re1 Rfb8 25. h3 a4
26. g4 Bd7 27. c4 Rb4 28. Re3 Bc6 29. Rc3 Qc8 {1/2-1/2 Heyn,U-Fritsche,F (1975)
/DESC email 2001}) 21... Ne7 $11) 19... f5 20. exf5 Nxf5 21. Nd5 Bb7 ({The
idea of 19.b3 is that Black cannot exchange the knights at once:} 21... Ne7 {
in view of} 22. Nxe7 Qxe7 23. Rxa5 {winning a pawn.}) 22. O-O Rc8 {A good idea,
keeping the pressure. The rook can often go to a good square c5.} 23. Qd3 Nh4
24. Rd1 h6 {Time to evaluate the position. Thanks to the tricky 19.b3 White
succeeded to avoid a quick simplification of the position. On the other hand
Black has little to complain about - his pieces are active, which should be
enough to compensate a slightly inferior pawn structure.} (24... Qg5 {brings
nothing in view of} 25. Qg3) 25. Qg3 (25. Rad2 {allows} a4 $1 {with the idea}
26. bxa4 Qg5 {and Black takes over the initiative. 27.Qg3 is not possible
because the queen must protect the bishop on c4.}) 25... Nf5 26. Qg4 Rc5 27.
Rad2 {White also nicely centralized his pieces, but on the other hand now he
will have to keep bishop c4 under queen protection in order to prevent ...a4.}
Bc8 28. Qe4 (28. Qe2 Qg5 $36) 28... Bb7 ({After} 28... Qg5 {White has} 29. f4
$1 exf4 30. Rf2 $1 {and the position opens in White's favour} (30. Nxf4 $2 Re5)
) 29. h3 $6 (29. Qg4 $142 $11) 29... Nh4 30. Bd3 $6 {White overestimates his
position. Black is not worse and attempts to play for a win are not justified.
Karjakin should have tried to wait and hold the balance.} Rf5 $1 31. Bb1 $2 {
This is already a blunder.} (31. Bc4 $142) (31. c4 Bxd5 32. cxd5 Kg8 $15) 31...
Rxc3 $1 32. Qg4 h5 33. Qe2 (33. Qa4 $8 Bc6 (33... Qg5 $2 34. Qe8+ Kh7 35. Bxf5+
$18) 34. Nxc3 Bxa4 35. Bxf5 Nxf5 36. bxa4 $17) 33... Qg5 $19 34. f4 (34. Be4
Rcf3 $1 35. Bxf3 Rxf3 36. g3 Rxb3 $19) 34... Rxf4 35. Kh1 Nxg2 36. Qxg2 ({After
} 36. Nxc3 {many moves win. The strongest is} Qh4 37. Kh2 Ne3 38. Qxe3 Rf3 39.
Qxf3 Bxf3 $19) 36... Rg3 ({Again} 36... Qh4 {is the quickest win.}) 37. Nxf4
Bxg2+ (37... exf4 $4 38. Qxb7 Rxh3+ 39. Rh2 $18) 38. Nxg2 Rxh3+ 39. Kg1 Rg3 40.
Rf2 Kg8 41. Rxd6 ({After} 41. Kh2 {Black has the interesting possibility} Rh3+
42. Kxh3 Qg4+ 43. Kh2 Qxd1 44. Be4 Qxb3 {and with so many pawns the position
should be winning rather easy.}) 41... h4 {White is helpless against the
further advance of the h-pawn.} 42. Rc6 Qg4 {Accuracy is required, of course.}
(42... h3 $4 43. Rc8+ $18) 43. Bf5 (43. Rd6 e4 44. Rd4 h3 45. Bxe4 Qg5 46. Rd5
Qe7 47. Re2 Qa7+ 48. Kh2 hxg2 49. Rxg2 Rxg2+ 50. Kxg2 Qe3 $19) 43... Rxg2+ $1
44. Rxg2 Qxf5 45. Rcg6 Qf7 46. R6g4 Qf6 47. Kh2 Kf7 48. Kh3 e4 49. Rg5 e3 50.
Kxh4 g6 0-1

[Event "Morelia/Linares 23rd"]
[Site "Morelia/Linares"]
[Date "2006.02.23"]
[Round "5"]
[White "Ivanchuk, Vassily"]
[Black "Topalov, Veselin"]
[Result "0-1"]
[WhiteElo "2729"]
[BlackElo "2801"]
[Annotator "CB"]
[PlyCount "80"]
[EventDate "2006.02.18"]
[EventType "tourn"]
[EventRounds "14"]
[EventCountry "ESP"]
[EventCategory "20"]
[SourceTitle "EXT 2007"]
[Source "ChessBase"]
[SourceDate "2006.11.23"]
[SourceVersion "1"]
[SourceVersionDate "2006.11.23"]
[SourceQuality "1"]

1. d4 d5 2. c4 c6 3. Nf3 Nf6 4. Nc3 a6 {The Slav is a rare guest in Topalov's
games with Black. However, he seems to have included it recently into his
basic repertoire; in Wijk aan Zee 2006 he used it successful against Van Wely.}
5. cxd5 {The exchange variation is by no means peaceful. White aims to limit
Black's counterplay to the minimum, but keep for himself chances for an
advantage. Ivanchuk obtained a nice technical victory in this symmetrical
structure against Leko, (Istanbul, ol 2000), although the opening was
different (the fianchetto Grünfeld).} cxd5 {#} 6. Qb3 $5 (6. Bf4 {would have d
to a "genuine" position of the exchange variation. After Ivanchuk's move, we
find ourselves on the independent territory of the a6-Slav.}) 6... Nc6 7. Bg5
e6 8. e3 h6 9. Bxf6 Qxf6 10. Bd3 Bd6 11. O-O O-O 12. Rac1 {White enjoys a
better development, but this is not too relevant if he does not find a way to
open the position. In the long run, the pair of bishops is likely to offer
Black an advantage.} b5 13. Bb1 Bd7 14. Qc2 g6 15. Qd2 Rac8 16. Rfd1 Rc7 17.
Qe1 b4 18. Ne2 a5 19. Qd2 Rfc8 20. Ne1 a4 21. Nd3 Na5 22. Rxc7 Rxc7 23. Rc1 Nc4
24. Qe1 Qd8 25. g3 Bb5 {#Black's advantage is obvious now.} 26. h4 $6 {This
move unnecessarily weakens the king side.} g5 $1 ({Black could have won a pawn
with} 26... Nxb2 27. Nxb2 Bxe2 28. Rxc7 Qxc7 29. Qxe2 Qc1+ 30. Qd1 Qxb2 {
but it is far from clear whether this would have ensured him a win after} 31.
Qc2 Qa3 32. h5 {With his last move, Topalov not only forces the opening of the
h-file, but also retstricts the activity of the white knights even more.}) 27.
hxg5 hxg5 28. Kg2 Qc8 29. Ng1 f6 30. Qd1 Be8 31. Nf3 Bh5 32. Rc2 Bg6 33. Re2 g4
34. Nh4 Be4+ 35. Kh2 f5 36. Ne1 {#} Nxe3 $1 {Now that his domination reached
an apogeum, Topalov finally recurs to tactical methods.} 37. Rxe3 Rc1 38. Qd2
Rxb1 39. Rxe4 dxe4 40. Qg5+ Kf7 0-1

[Event "Morelia/Linares 23rd"]
[Site "Morelia/Linares"]
[Date "2006.03.04"]
[Round "9"]
[White "Bacrot, Etienne"]
[Black "Topalov, Veselin"]
[Result "0-1"]
[WhiteElo "2717"]
[BlackElo "2801"]
[Annotator "CB"]
[PlyCount "76"]
[EventDate "2006.02.18"]
[EventType "tourn"]
[EventRounds "14"]
[EventCountry "ESP"]
[EventCategory "20"]
[SourceTitle "CBM 112"]
[Source "ChessBase"]
[SourceDate "2006.06.07"]
[SourceVersion "1"]
[SourceVersionDate "2006.06.07"]
[SourceQuality "1"]

1. d4 d5 2. c4 c6 3. Nf3 Nf6 4. e3 a6 {Topalov obtained his only win in
Morelia with the 4...a6-Slav, which can be a partial explanation for his
opening choice in this game.} 5. Bd3 Bg4 6. Nbd2 e6 7. O-O Nbd7 8. b3 c5 $5 {
The fashion of pushing the pawn to c5 in two moves was initiated by Morezevich
and is a proof of the flexibility of Black's position in the Slav. With 4...a6
Black has induced the white queen's knight to develop to d2, overdefending the
c4-square for the eventuality of a further ...b5. This resulted in a lack of
pressure against the d5-pawn, which justifies Black'a last move. To a certain
extent this is similar with some Queen's Indian variations, where Black
willingly loses a tempo with his queen's bishop : 4.g3 Ba6 5.Nbd2 Bb7 later
followed by ...d5.} 9. cxd5 ({This looks like a significant concession.
White's previous play does will hardly be justified in the symmetrical
position with open centre that will arise now. More consistent would have been
} 9. Bb2 {aiming for a position with hanging pawns, when White's extra-tempi
in development (consequence of ...c6-c5 and ...a6) might have made themselves
felt. If Black would ignore the tension in the centre and develop normally,
with} Be7 10. Qc2 O-O {White could already start active operations in the
centre with} 11. Ne5) 9... Nxd5 $1 {Underlining the drawbacks of White's plan:
the relative weakness of the c3-square, the exposed position of the d3-bishop
and the difficulty of finding a good square for the queen.} 10. Bb2 Be7 11. Qb1
{The queen avoids the unpleasant pin along the d1-h5 diagonal and the fork on
b4 at the same time, but with such unnatural development White can hardly
claim an advantage.} cxd4 12. Bxd4 Bf6 {The exchange of the dark-squared
bishops makes part of Black's general plan. He releases the pressure against
his king side while accentuating the weakness of the c3-square, which will
require permanent surveillance from White.} 13. Rc1 ({The h7-pawn is posisoned:
} 13. Bxh7 Bxd4 14. exd4 (14. Nxd4 {is even worse in view of} Qh4) 14... f5 15.
Bg6+ Kf8 {and the bishop is trapped.}) 13... Bh5 ({In this phase of the game,
the absence of concrete threats gives play a rather abstract character. With
his last move, White retreats the bishop to a less exposed square and prepares
an eventual interference of the b1-h7 diagonal with ...Bg6 in order to enable
castling short. In case of the immediate} 13... Qe7 {White could face his
opponent with a difficult choice with} 14. Bxf6 {when 14...Qxf6 looks like a
mere loss of tempo, while} N7xf6 {is strongly met by} 15. Ne5 {with certain
initiative.}) ({The exchange on d4 looks slightly premature, too. After} 13...
Bxd4 14. Nxd4 N7f6 15. Ne4 O-O 16. Ng3 {Black had to resort to extreme
measures in order to save his bishop in Tregubov-Morozevich, Sochi 2005}) 14.
Rc4 Qe7 15. h3 ({It is not easy for White to make use of his minimal advance
in development, but his last move does not seem to be useful in any way at
this stage of the game. More to the point seems tobe} 15. a4 {followed by a5,
winning space on the queen side and indirectly developing the a1-rook without
moving it.}) 15... Rd8 {Probably feeling White's indecision, Black makes his
last useful, half-waiting move.} 16. Be4 $6 {Finally, White loses patience and
decides to threaten something concrete. However, his last move only helps
Black complete his development.} Bxd4 17. Nxd4 N7f6 18. Bxd5 Nxd5 19. Qb2 O-O
20. Rac1 Bg6 {Black's position already looks more pleasant. His bishop is
quite strong, while the enemy knights are somewhat restricted in their actions.
However, White's authoritary control of the c-file should enable him to
maintain the balance even.} 21. N4f3 f6 $1 {Continuing to restrict the white
knights.} 22. g3 $6 ({White takes the f4-square under control in order to
prepare the advance of the e-pawn. In doing so, he probably wanted to reduce
the activity of the black minor pieces, thus answering with the same method as
that employed by his opponent. However, the last move has the serious drawback
of weakening the light squares around the own king. Instead of this, he could
have continued his "own play" with} 22. a4 {, winning space on the wing where
he has concentrated such important forces as the major pieces.}) 22... e5 23.
a3 ({The necessity of this additional prophylactic move speaks about the
eroneous character of White's plan. The immediate} 23. e4 {would be strongly
answered by} b5 $1 24. Rc6 Nb4 25. Rc7 Rd7 26. Rxd7 Qxd7 27. Rc3 Nd3 28. Qc2
Rd8 {with active play for Black.}) 23... Qe6 {A multi-purpose move. White
takes under observation the weak h3- and b3-pawns while clearing the e7-square
for the knight in view of its further transfer to c6.} 24. e4 Ne7 25. Rc7 Rd7
26. h4 Rfd8 27. b4 h6 {Clearing the safe h7-square for the king.} 28. Rxd7 Rxd7
{Black's advantage is obvious. All his pieces are more active than White's.
The enemy knights have little chance to get active, mainly because of the
weakness of the e4-pawn.} 29. b5 axb5 30. Qxb5 Nc6 31. Kg2 Kh7 32. Qc4 Qxc4 33.
Rxc4 Rd3 {Simplifications did not bring White any relief. His knights are
still hopelessly passive.} 34. a4 (34. Ra4 {would leave the rook out of play
after} b5 35. Ra6 {allowing} Nd4 36. Nxd4 exd4 {with a more or less decisive
advantage for Black.}) 34... Ra3 {Black threatens to win the a4-pawn with ...
Bf7. White's attempts to prevent this simple plan will only shorten his
suffering.} 35. Nb1 Ra2 36. Nc3 Rc2 37. Rc5 {Defending ag ainst the threat ...
Bxe4+, but allowing Black to set a stronger one.} Nb4 {Threatening ...Nd3 or ..
.Na2. White cannot avoid important material losses.} 38. Ne1 Rc1 {The apparent
simplicity of this game is induced by the fact that Topalov won mainly by
parrying White's one- or two- move threats. The difficult (and instructive)
part consisted of combining this prophylactic play with the permanent
improvement of his own position.} 0-1

[Event "Morelia/Linares 23rd"]
[Site "Morelia/Linares"]
[Date "2006.03.05"]
[Round "10"]
[White "Topalov, Veselin"]
[Black "Aronian, Levon"]
[Result "1-0"]
[WhiteElo "2801"]
[BlackElo "2752"]
[Annotator "Gavrikov,V"]
[PlyCount "151"]
[EventDate "2006.02.18"]
[EventType "tourn"]
[EventRounds "14"]
[EventCountry "ESP"]
[EventCategory "20"]
[SourceTitle "CBM 112"]
[Source "ChessBase"]
[SourceDate "2006.06.07"]
[SourceVersion "1"]
[SourceVersionDate "2006.06.07"]
[SourceQuality "1"]

1. d4 Nf6 2. c4 e6 3. Nc3 Bb4 4. Nf3 c5 5. g3 {Black has a few reliable
possibilities to equalize in this line.} cxd4 6. Nxd4 O-O ({The main
alternative to the text is} 6... Ne4) 7. Bg2 d5 8. cxd5 Nxd5 9. Qb3 Qb6 ({
Some players prefer the position after} 9... Nc6 10. Nxc6 bxc6 11. O-O Qa5) 10.
Bxd5 exd5 11. Be3 Bh3 12. Rc1 ({This continuation is not so investigated as} 
12. g4 {after which Black´s simplest way to equality is} Nc6 13. Nxc6 Qxc6 {
[%cal Gd5d4]} 14. Rg1 Bxc3+ 15. Qxc3 Qxc3+ 16. bxc3 f5 17. Rd1 (17. f3 fxg4 18.
fxg4 a6 19. Kd2 Rae8 20. Rg3 Bf1 $11) 17... Bxg4 18. Rxd5 Rae8 {1/2-1/2 Bezold,
M-Horvath,C/Budapest 1994/CBM 045 ext (23)}) 12... Nc6 $146 ({Previous
practice has seen} 12... Rd8 13. a3 Ba5 14. Qxb6 Bxb6 15. Rg1 (15. Na4 Bxd4 16.
Bxd4 Nc6 17. Rd1 Rac8 18. Nc3 f6 $11) 15... h5 16. Rd1 Nc6 $11 {1/2-1/2 Atalik,
S-Pieniazek,A/Cappelle la Grande 1995/EXT 97 (30)}) 13. Nxc6 ({Favourable for
Black is} 13. Qxd5 $6 Bc5 $1 14. Nc2 Bxe3 15. Nxe3 Qxb2) 13... Qxc6 14. f3 Qc4
$6 ({More logical was to keep queens and choose} 14... Rfe8 15. Qxb4 (15. Kf2
Rxe3 $1 16. Kxe3 $140 $2 Qh6+ 17. f4 (17. Kd3 Bf5+ 18. e4 dxe4+ 19. fxe4 Bxc3
20. Qxc3 Rd8+ 21. Ke2 Bxe4 $40) 17... Re8+ 18. Kd2 Qb6 19. Rc2 d4 $17) 15...
Rxe3 16. Kf2 Rae8 17. Rhe1 R3e5 {when Black´s activity compensates the
weakness on d5.}) 15. Kf2 Be6 16. Qxc4 dxc4 17. Rhd1 {[%cal Gc3d5]} Bxc3 ({
White also maintains initiative after} 17... Ba5 18. Nb5 a6 19. Nd4 b5 20. Nxe6
fxe6 21. Rd6 Rfe8 22. Rcd1 Bc7 23. Rc6 Be5 24. Bc1) 18. bxc3 b6 19. Rd4 {
In this situation White´s pawn majority on the kingside is more important than
Black´s on the queenside.} Rfd8 20. g4 Rd5 $6 {An inaccuracy.} ({Better looks} 
20... f6 {followed by Kf7}) 21. g5 $1 {[%mdl 4096]} Rad8 22. h4 Kf8 23. Rb1 Ke7
24. Rb2 R8d6 25. Rxd5 ({After} 25. Rxc4 $6 Ra5 26. Re4 Rc6 27. a4 Rc4 {Black
restores the material balance.}) 25... Rxd5 26. Bd4 f6 27. e4 Ra5 28. f4 Bd7
29. Ke3 {White needs to open a file on the kingside for activate his rook.} Rb5
30. Rg2 Kf7 31. h5 $1 {[%cal Gg5f6,Gh5h6]} fxg5 32. fxg5 g6 ({Bad is} 32... Kg8
$2 {because of} 33. h6 $1 g6 34. Rf2 $1 Be8 35. Bg7 Bf7 36. e5 {[%csl Rg8]
[%cal Ge5e6]}) 33. Rf2+ Ke8 34. hxg6 hxg6 35. Bf6 Rb1 36. Kd4 Rd1+ ({Another
defensive idea was} 36... Re1 37. Kd5 (37. Rh2 Bc6) 37... Re3 38. Rh2 $140 Rh3)
37. Kxc4 Be6+ 38. Kb5 Ra1 39. Rh2 Rxa2 40. Rh7 $1 {[%csl Re8] Finally the rook
penetrates in Black´s camp.} (40. Rh8+ $143 Kd7 41. Rh7+ Kd6) 40... Bd7+ 41.
Kc4 Rd2 $2 {This seems to be a decisive mistake.} ({Necessary was} 41... Be6+
$1 42. Kd3 (42. Kd4 $140 Rd2+ 43. Ke5 Rd7 $1 44. Rh8+ Kf7) 42... Kf8 43. Re7
Bg4 44. Rg7 Bh5 45. e5 $140 Bg4) 42. Bd4 {Threatening Kd5-d6.} Be6+ 43. Kb5 {
[%cal Gb5c6]} Bd7+ 44. Ka6 Bc6 ({Or} 44... Ra2+ 45. Kb7 Bb5 46. Kc7 Bc4 47. Kd6
{and e-pawn becomes very dangerous.}) 45. Kxa7 Bxe4 46. Kxb6 {The resulted
position should be lost for Black.} Rb2+ 47. Kc5 Rb7 48. Rh4 Rc7+ 49. Kb4 Rb7+
50. Kc4 Bf5 (50... Rc7+ $142 51. Bc5 Bf5 52. Kd5 Kd7) 51. Kc5 Rc7+ $6 ({
More tenacious was again} 51... Kd7) 52. Kd6 Rd7+ 53. Kc6 Re7 54. Bf6 Re4 55.
Rh8+ Kf7 56. Rh7+ Kg8 57. Rg7+ Kf8 58. Kb5 {Preparing the advance of c-pawn.}
Re8 (58... Re1 59. c4 Rb1+ 60. Kc5 Rc1 61. Rc7 Be6 62. Kd4 $18) 59. c4 Rb8+ 60.
Ka5 Ra8+ 61. Kb4 Rb8+ 62. Kc3 Rc8 63. Ra7 $1 {Planning Be7+ and c5.} Be6 64.
Be7+ Kg8 65. c5 Bd5 66. Kd4 Bg2 67. Ke5 Ra8 68. Rc7 ({Also wins} 68. Rxa8+ Bxa8
69. Kf6 Be4 (69... Kh7 70. Ke6 Kg7 71. Bf6+ Kf8 72. Kd7) 70. Bd6 Kh7 71. Ke7
Kg8 72. Bf4 Bg2 73. Kd7 Bh3+ 74. Kc7 Kf7 75. c6 Ke8 76. Kb8) 68... Ra1 69. Kf6
Be4 70. Rc8+ Kh7 71. Rd8 {[%cal Gf6f7]} Ra6+ (71... Rf1+ 72. Ke6 $18) 72. Kf7
Bf5 (72... Bf3 73. Rd4 Bh5 74. Rh4 Rc6 75. Bd6 $1 {[%cal Gh4h5]}) 73. Rd4 Be6+
74. Kf8 Ra8+ 75. Bd8 Bg4 76. c6 1-0